O poměru skvrn slunečních k teplotě pozemské /

Main Author: Augustin, František, 1846-1908
Language: Czech
Published: V Praze : Nákladem důchodův kr. hl. města Prahy, 1884
Online Access: Digitalizovaný dokument
Physical Description: 16 s. ; 25 cm
Book
Saved in:
LEADER 01337nam a2200349 a 4500
001 000676879
003 CZ BrMZK
005 20211122125752.0
007 ta
008 030707s1884 xr f cze d
015 |a cnb001705616 
020 |q (Brož.) 
040 |a ABA001  |b cze  |d BOA001 
072 7 |a 52  |x Astronomie  |2 Konspekt  |9 6 
080 |a 523.982  |2 MRF 
080 |a 551.524  |2 MRF 
080 |a (048.8)  |2 MRF 
100 1 |a Augustin, František,  |d 1846-1908  |7 jk01010428  |4 aut 
245 1 0 |a O poměru skvrn slunečních k teplotě pozemské /  |c napsal F. Augustin 
260 |a V Praze :  |b Nákladem důchodův kr. hl. města Prahy,  |c 1884  |f (Knihtiskárna Politiky) 
300 |a 16 s. ;  |c 25 cm 
504 |a Obsahuje bibliografické odkazy 
580 |a Zvláštní otisk z výroční zprávy měst. vyššího gymnasia realního v Praze 
650 0 7 |a sluneční skvrny  |7 ph125703  |2 czenas 
650 0 7 |a teplota vzduchu  |7 ph117884  |2 czenas 
655 7 |a studie  |7 fd133597  |2 czenas 
856 4 1 |u http://www.digitalniknihovna.cz/mzk/uuid/uuid:334f2410-e9d6-11dc-9d35-000d606f5dc6  |y Digitalizovaný dokument  |x NDK 
910 |a BOA001  |b 3-0039.211 
928 9 |a Důchody královského hlavního města Prahy 
990 |a BK 
993 |a Y 
996 6 |b 2618711331  |c 3-0039.211  |l MZK  |r Sklad / do 1 hodiny  |n 0  |w 000676879  |u 000010  |a 1  |e BOA001  |j MZK50  |s P